<?xml version="1.0" encoding="UTF-8"?>
<record
    xmlns:xsi="http://www.w3.org/2001/XMLSchema-instance"
    xsi:schemaLocation="http://www.loc.gov/MARC21/slim http://www.loc.gov/standards/marcxml/schema/MARC21slim.xsd"
    xmlns="http://www.loc.gov/MARC21/slim">

  <leader>01000cam a2200313 a 4500</leader>
  <datafield tag="999" ind1=" " ind2=" ">
    <subfield code="c">7796</subfield>
    <subfield code="d">7796</subfield>
  </datafield>
  <controlfield tag="001">991018125139706706</controlfield>
  <controlfield tag="003">OSt</controlfield>
  <controlfield tag="005">20231024114505.0</controlfield>
  <controlfield tag="008">941123s1978    spc||||  |||| 000 0|cat|c</controlfield>
  <datafield tag="017" ind1=" " ind2=" ">
    <subfield code="a">DL M. 3945-1978</subfield>
  </datafield>
  <datafield tag="020" ind1=" " ind2=" ">
    <subfield code="a">8436800532</subfield>
  </datafield>
  <datafield tag="035" ind1=" " ind2=" ">
    <subfield code="a">(ES-BaCBU).b14570427</subfield>
  </datafield>
  <datafield tag="035" ind1=" " ind2=" ">
    <subfield code="a">(OCoLC)803459978</subfield>
  </datafield>
  <datafield tag="040" ind1=" " ind2=" ">
    <subfield code="a">ES-BaCBU</subfield>
    <subfield code="b">cat</subfield>
    <subfield code="c">CDMR</subfield>
  </datafield>
  <datafield tag="080" ind1=" " ind2=" ">
    <subfield code="a">070(03)=60</subfield>
  </datafield>
  <datafield tag="100" ind1="1" ind2=" ">
    <subfield code="a">L&#xF3;pez De Zuazo Algar, Antonio</subfield>
    <subfield code="9">296</subfield>
  </datafield>
  <datafield tag="245" ind1="1" ind2="0">
    <subfield code="a">Diccionario del periodismo /</subfield>
    <subfield code="c">Antonio L&#xF3;pez de Zuazo Algar ; pr&#xF3;logo: Jos&#xE9; Luis Mart&#xED;nez Albertos</subfield>
  </datafield>
  <datafield tag="250" ind1=" " ind2=" ">
    <subfield code="a">[2a ed., corr. y aum.]</subfield>
  </datafield>
  <datafield tag="260" ind1=" " ind2=" ">
    <subfield code="a">Madrid :</subfield>
    <subfield code="b">Pir&#xE1;mide,</subfield>
    <subfield code="c">1978</subfield>
  </datafield>
  <datafield tag="300" ind1=" " ind2=" ">
    <subfield code="a">253 p. ;</subfield>
    <subfield code="c">19 cm</subfield>
  </datafield>
  <datafield tag="490" ind1="1" ind2=" ">
    <subfield code="a">Diccionarios</subfield>
  </datafield>
  <datafield tag="650" ind1=" " ind2="7">
    <subfield code="a">Periodisme</subfield>
    <subfield code="x">Diccionaris</subfield>
    <subfield code="x">Castell&#xE0;.</subfield>
    <subfield code="2">lemac</subfield>
  </datafield>
  <datafield tag="700" ind1="1" ind2=" ">
    <subfield code="9">2108</subfield>
    <subfield code="a">Mart&#xED;nez Albertos, Jos&#xE9; Lu&#xED;s</subfield>
  </datafield>
  <datafield tag="830" ind1=" " ind2="0">
    <subfield code="a">Diccionarios (Ediciones Pir&#xE1;mide)</subfield>
  </datafield>
  <datafield tag="907" ind1=" " ind2=" ">
    <subfield code="a">.b14570427</subfield>
    <subfield code="b">15-06-21</subfield>
    <subfield code="c">07-05-08</subfield>
    <subfield code="d">07-05-08</subfield>
    <subfield code="e">m</subfield>
    <subfield code="f">a</subfield>
    <subfield code="g">-</subfield>
    <subfield code="h">cat</subfield>
    <subfield code="i">spc</subfield>
    <subfield code="j">0</subfield>
    <subfield code="k">2</subfield>
  </datafield>
  <datafield tag="908" ind1=" " ind2=" ">
    <subfield code="a">BC</subfield>
    <subfield code="a">UB</subfield>
  </datafield>
  <datafield tag="940" ind1=" " ind2=" ">
    <subfield code="a">BC</subfield>
  </datafield>
  <datafield tag="942" ind1=" " ind2=" ">
    <subfield code="2">udc</subfield>
    <subfield code="c">REF</subfield>
  </datafield>
  <datafield tag="952" ind1=" " ind2=" ">
    <subfield code="0">0</subfield>
    <subfield code="1">0</subfield>
    <subfield code="4">0</subfield>
    <subfield code="7">0</subfield>
    <subfield code="a">CDMR</subfield>
    <subfield code="b">CDMR</subfield>
    <subfield code="d">2023-10-24</subfield>
    <subfield code="e">Donaci&#xF3;</subfield>
    <subfield code="g">10.00</subfield>
    <subfield code="l">0</subfield>
    <subfield code="o">Ba</subfield>
    <subfield code="p">CDMR23100015</subfield>
    <subfield code="r">2023-10-24</subfield>
    <subfield code="w">2023-10-24</subfield>
    <subfield code="y">REF</subfield>
  </datafield>
</record>
